Hungary : Ex Post Evaluation of Exceptional Access Under the 2008 Stand-By Arrangement.

The program was successful in strengthening the economy and stabilizing market conditions, although part of the fiscal achievements were reversed after the program lapsed. The 2008 Stand-By Arrangement (SBA) with Hungary successfully stabilized financial market conditions and strengthened the econom...

Descrición completa

Detalles Bibliográficos
Autor Corporativo: International Monetary Fund
Formato: Revista
Idioma:English
Publicado: Washington, D.C. : International Monetary Fund, 2011.
Series:IMF Staff Country Reports; Country Report ; No. 2011/145
Acceso en liña:Full text available on IMF
LEADER 01710cas a2200241 a 4500
001 AALejournalIMF007256
008 230101c9999 xx r poo 0 0eng d
020 |c 5.00 USD 
020 |z 9781455279562 
022 |a 1934-7685 
040 |a BD-DhAAL  |c BD-DhAAL 
110 2 |a International Monetary Fund. 
245 1 0 |a Hungary :   |b Ex Post Evaluation of Exceptional Access Under the 2008 Stand-By Arrangement. 
264 1 |a Washington, D.C. :  |b International Monetary Fund,  |c 2011. 
300 |a 1 online resource (40 pages) 
490 1 |a IMF Staff Country Reports 
500 |a <strong>Off-Campus Access:</strong> No User ID or Password Required 
500 |a <strong>On-Campus Access:</strong> No User ID or Password Required 
506 |a Electronic access restricted to authorized BRAC University faculty, staff and students 
520 3 |a The program was successful in strengthening the economy and stabilizing market conditions, although part of the fiscal achievements were reversed after the program lapsed. The 2008 Stand-By Arrangement (SBA) with Hungary successfully stabilized financial market conditions and strengthened the economy through sizable fiscal consolidation and important structural reforms, despite significant challenges. The program was a successful example of joint collaboration between the authorities, the EU, and the IMF, setting an important precedent for future joint programs. Much of the structural fiscal adjustment has since been reversed. 
538 |a Mode of access: Internet 
830 0 |a IMF Staff Country Reports; Country Report ;  |v No. 2011/145 
856 4 0 |z Full text available on IMF  |u http://elibrary.imf.org/view/journals/002/2011/145/002.2011.issue-145-en.xml  |z IMF e-Library